A first course in abstract algebra (Record no. 611892)

000 -LEADER
fixed length control field 00407nam a22001457a 4500
020 ## - INTERNATIONAL STANDARD BOOK NUMBER
International Standard Book Number 020152815
040 ## - CATALOGING SOURCE
Transcribing agency Nust
082 ## - DEWEY DECIMAL CLASSIFICATION NUMBER
Classification number 512.02
Author Mark FRA
100 ## - MAIN ENTRY--PERSONAL NAME
Personal name John B. Fraleigh
9 (RLIN) 35594
245 ## - TITLE STATEMENT
Title A first course in abstract algebra
250 ## - EDITION STATEMENT
Edition statement 4th Edition
260 ## - PUBLICATION, DISTRIBUTION, ETC.
Place of publication, distribution, etc. New York:
Name of publisher, distributor, etc. Addison -Wesley Publishing Company,
Date of publication, distribution, etc. 1989.
650 ## - SUBJECT ADDED ENTRY--TOPICAL TERM
Topical term or geographic name entry element A first course in abstract algebra
9 (RLIN) 126127
942 ## - ADDED ENTRY ELEMENTS (KOHA)
Source of classification or shelving scheme
Koha item type Book
Holdings
Withdrawn status Lost status Source of classification or shelving scheme Damaged status Not for loan Permanent Location Current Location Shelving location Date acquired Total Checkouts Full call number Barcode Date last seen Price effective from Koha item type
          College of Electrical & Mechanical Engineering (CEME) College of Electrical & Mechanical Engineering (CEME) General Stacks 09/26/2024   512.02 FRA CEME- 34130 09/26/2024 09/26/2024 Book
© 2023 Central Library, National University of Sciences and Technology. All Rights Reserved.